The Missing Word - Emma Stone's Movies - Statistics

General Stats
  • This quiz has been taken 35 times
  • The average score is 13 of 16
Answer Stats
Hint Answer % Correct
The ___ Spider-Man Amazing
97%
La La ___ Land
97%
Friends with ___ Benefits
94%
Crazy, ___, Love Stupid
94%
Battle of the ___ Sexes
90%
Gangster ___ Squad
90%
___ A Easy
87%
Magic in the ___ Moonlight
87%
The ___: A New Age Croods
84%
The House ___ Bunny
81%
___ Cruella
81%
___ Things Poor
81%
Zombieland: Double ___ Tap
74%
Kind of ___ Kindness
58%
___ Man Irrational
55%
The ___ Help
42%
No matching quizzes found
Score Distribution
Percent of People with Each Score
Percentile by Number Answered
Your Score History
You have not taken this quiz